Normal view
MARC view
Entry Personal Name
001 - CONTROL NUMBER
- control field: 26420
003 - CONTROL NUMBER IDENTIFIER
- control field: OSt
005 - DATE AND TIME OF LATEST TRANSACTION
- control field: 20210805115237.0
008 - FIXED-LENGTH DATA ELEMENTS
- fixed length control field: 210805|| aca||aabn | a|a d
040 ## - CATALOGING SOURCE
- Original cataloging agency: OSt
- Transcribing agency: OSt
100 ## - HEADING--PERSONAL NAME
- Personal name: Crouzet, Nicolas and Mehrotra, Neil R.
670 ## - SOURCE DATA FOUND
- Source citation: Work cat.: (OSt)517367: Crouzet, Nicolas and Mehrotra, Neil R., Small and large firms over the business cycle
